00564nam a2200193 a 450000100060000000300080000600500170001400800410003103500190007204000290009104100080012008200260012810000210015424500620017526000390023730000260027650400200030260000480032217516BD-RjUL20211209000144.0170128s1965 enk 001 0deng d a(BD-RjUL)17574 aDLCcODaWUdBD-RjULbeng aeng a828.912bHON 19652231 aHowarth, Herbert10aNotes on some figures behind T.S. Eliot /cHerbert Howard aLondon :bChatto & Windus,cc1965. axii, 396 p. ;c23 cm. aIncludes index.10aEliot, T. S.q(Thomas Stearns),d1888-1965.